000 00607nam a2200205Ia 4500
005 20241216011248.0
008 190429s9999||||xx |||||||||||||| ||und||
082 _a622.42
_bD32
100 _aDAVILA CORDOVA VICENTE CESAR
245 0 _aESTUDIO DE OPTIMIZACION DEL SISTEMA DE VENTILACION MINERA
250 _a0
260 _aCERRO DE PASCO-PERU
_bUNDAC
_c1987
300 _a176 pag.
_c30 cm.
341 _h0
490 _v0
_a0
505 _aRESISTENCIA AERODINAMICO/PROPIEDADES FISICAS DEL AIRE/VENTIL
541 _aD
_bDAVILA CORDOVA, VICENTE C
_d05-Mar-03
_oSoles
650 _aMinas
942 _cTESIS
999 _c37058
_d37058